000 00634nam a2200301Ia 4500
005 20260401122125.0
008 008 250103s9999 xx 000 0 eng d
020 _a860917223
037 _aTB
040 _aEDL
040 _beng
040 _cEDL
041 _2eng
041 _aeng
084 _a111.85 BLO
084 _qEDL
100 _aBloch, Ernst
_91232660
245 0 _aAesthetics and Politics
245 0 _cBloch, Ernst
260 _aLondon
260 _bVerso
260 _c1977
300 _a220p
942 _cTB
942 _h111.85 BLO
999 _c1845070
_d1845070